000 00854cam a2200265 4500
008 090401t1992 xxu||||| |||| 00| 0 eng d
020 _a1850720967
035 _a(Sirsi) u34701
041 _aeng
050 _a526.9028
100 _aMcConnell, Anita
245 _aInstrument makers to the world: a history of Cooke, Troughton & Sims.
260 _aYork
_bWilliam Sessions Limited
_c1992
300 _axii,116p. : ill. ; 20x21cm.
350 _a11
520 _aHistory of a firm, which has manufactured scientific instruments, including surveying equipment, since the mid-eighteenth century.
650 _aCOOKE OF YORK
650 _aCOOKE TROUGHTON AND SIMS
650 _aSURVEYING INSTRUMENTS
650 _aTROUGHTON AND SIMMS
650 _aVICKERS INSTRUMENTS LTD
690 _aLAND SURVEYING
942 _n0
948 _c04/03/1997
999 _c89985
_d89985